00464nam a22001457a 4500020001500000082001400015100001600029245004900045260004500094300000800139650001300147942000700160952013400167999001700301 a0199484228 a297,7 BOR aBorker, Hem aMadrasas and The Making of Islamic Womanhood aNew DelhibOxford University Pressc2018 a326 aMadrasas cBK 001040708NFICaHMIbHMIcGENd2018-09-24eKohinoor Book Distributorsg1195.00l0o297,7 BORp25531r2018-09-24w2018-09-24yBK c21688d21688